000 01037nam0a22002771 4500
001 rc\3009016
005 20250806200948.0
035 _a(NLR Aleph) 007151666
090 _a4274
_c4274
100 _a20110922d1945 u y0rusy50 ca
101 0 _arus
102 _aRU
105 _aa j |||||
200 1 _aКриминалистика
_eУчебник для юрид. школ
_eДопущ. УУЗ НКЮ СССР в качестве учебника для юрид. школ
_fБ.М. Шавер, А.И. Винберг
205 _a2-е изд.
210 _aМосква
_cЮрид. изд-во
_d1945
_gтип. "Красный пролетарий"
215 _a205 с.
_cил.
_d22 см
700 1 _aШавер
_bБ.М.
_gБорис Матвеевич
701 1 _aВинберг
_bА.И.
_gАбрам Ильич
801 0 _aRU
_bNLR
_gpsbo
801 1 _aRU
_bELAR
_2rusmarc
852 _aNLR
_jП90 Г-5/7
942 _cBOOK
945 _aРоссийская национальная библиотека
980 _aNB
980 _aBV